Public relations in a company

História public relations. Čo je a čo nieje public relations. Princípy public relations. Publiuc relations v podniku.

Saved in:
Bibliographic Details
Main Author: Bichajło, Robert
Format: Book Chapter
Language:English
Subjects:
Tags: Add Tag
No Tags, Be the first to tag this record!

MARC

LEADER 00000naa$a2200000$$$4500
001 0032189
005 20050803134032.4
041 0 |a eng 
044 |a SK 
245 1 0 |a Public relations in a company  |c Robert Bichajło 
520 |a História public relations. Čo je a čo nieje public relations. Princípy public relations. Publiuc relations v podniku. 
610 2 0 |a práca s verejnosťou 
610 2 0 |a história 
610 2 0 |a firmy 
610 2 0 |a informácie 
610 2 0 |a komunikácia masová 
610 2 0 |a tlač 
610 2 0 |a médiá 
100 1 |a Bichajło, Robert